<?xml version="1.0" encoding="UTF-8"?><?xml-stylesheet type="text/xsl" href="static/style.xsl"?><OAI-PMH xmlns="http://www.openarchives.org/OAI/2.0/" xmlns:xsi="http://www.w3.org/2001/XMLSchema-instance" xsi:schemaLocation="http://www.openarchives.org/OAI/2.0/ http://www.openarchives.org/OAI/2.0/OAI-PMH.xsd"><responseDate>2026-04-17T18:38:02Z</responseDate><request verb="GetRecord" identifier="oai:www.recercat.cat:2072/470693" metadataPrefix="marc">https://recercat.cat/oai/request</request><GetRecord><record><header><identifier>oai:recercat.cat:2072/470693</identifier><datestamp>2025-05-08T14:37:58Z</datestamp><setSpec>com_2072_98</setSpec><setSpec>col_2072_378192</setSpec></header><metadata><record xmlns="http://www.loc.gov/MARC21/slim" xmlns:dcterms="http://purl.org/dc/terms/" xmlns:xsi="http://www.w3.org/2001/XMLSchema-instance" xmlns:doc="http://www.lyncode.com/xoai" xsi:schemaLocation="http://www.loc.gov/MARC21/slim http://www.loc.gov/standards/marcxml/schema/MARC21slim.xsd">
   <leader>00925njm 22002777a 4500</leader>
   <datafield ind2=" " ind1=" " tag="042">
      <subfield code="a">dc</subfield>
   </datafield>
   <datafield ind2=" " ind1=" " tag="720">
      <subfield code="a">Garcia Ventura, Agnès</subfield>
      <subfield code="e">author</subfield>
   </datafield>
   <datafield ind2=" " ind1=" " tag="260">
      <subfield code="c">2023</subfield>
   </datafield>
   <datafield ind2=" " ind1=" " tag="520">
      <subfield code="a">Obres ressenyades: Dawn LAVALLE NORMAN; Alex PETKAS (ed.), Hypatia of Alexandria. Her Context and Legacy. Tübingen: Mohr Siebeck, 2020 ; Carolyn MCCUE GOFFMAN, Mary Mills Patrick's Cosmopolitan Mission and the Constantinople Woman's College. Lanham, Maryland: Lexington Books, 2021 ; Marta ORTEGA BALANZA, Eulàlia Ferrer, editora y librera. Una mujer al frente de la Casa Brusi y el Diario de Barcelona. Barcelona: Universitat de Barcelona Edicions, 2021.</subfield>
   </datafield>
   <datafield ind2="0" ind1="0" tag="245">
      <subfield code="a">Les dones i el cultiu de l'intel·lecte : Tres exemples d'anàlisi des de l'Antiguitat tardana fins a l'època contemporània</subfield>
   </datafield>
</record></metadata></record></GetRecord></OAI-PMH>